000 00569nam a2200193Ia 4500
003 GCL
008 140319s9999 xx 000 0 ara d
040 _aGCL /
_cGCL
082 0 4 _a810.8009
_bم ا
100 1 _aمنصور فهمى
245 1 0 _aابحاث وخطرات /
_cمنصور فهمى
300 _a345 ص
490 _aالهيئة العامة للاستعلامات
_v0
650 0 4 _aالادب العربى
650 0 4 _aالفلسفة الحديثة
650 0 4 _aالقومية العربية
650 0 4 _aالجمال - علم
942 _2ddc
_cBK
999 _c47332
_d47332